| 000 | 00615nam a2200193Ia 4500 | ||
|---|---|---|---|
| 005 | 20250508163254.0 | ||
| 008 | 008 250505s9999 xx 000 0 eng d | ||
| 020 | _a92-3-101664-4 | ||
| 037 | _aTextual | ||
| 040 |
_aFEDL _beng _cFEDL |
||
| 041 |
_aeng _2eng |
||
| 084 |
_a301, UNE _qFEDL |
||
| 245 | 0 | _aSocial implications of the scientific and technological revolution: A Unesco symposium | |
| 260 |
_aParis, France _bUnited Nations Educational Scientific and Cultural Organization _c1981 |
||
| 300 | _axvi,392p | ||
| 650 | _aSociology | ||
| 942 |
_cTEXL _h301, UNE |
||
| 999 |
_c1381933 _d1381933 |
||